| 000 | 00934nam a2200241 a 4500 | ||
|---|---|---|---|
| 001 | 76230 | ||
| 003 | BD-RjUL | ||
| 005 | 20211209082819.0 | ||
| 008 | 161205s2012 bg ||||| b||| 00| 0 ben d | ||
| 020 | _a8119300115009 | ||
| 035 | _a(BD-RjUL)76451 | ||
| 040 |
_aBD-RjUL _bben _cBD-RjUL _dBD-RjUL |
||
| 041 | _aben | ||
| 082 |
_223 _a302.23095492 _bJAM 2012 |
||
| 100 |
_aজাহাঙ্গীর, মুহাম্মদ _9234867 |
||
| 245 | 1 | 0 |
_aমিডিয়া মানচিত্র / _cমুহাম্মদ জাহাঙ্গীর |
| 260 |
_aঢাকা : _bমাওলা ব্রাদার্স, _c১৯৯১ [মুদ্রণ ২০১৮] |
||
| 300 |
_a২১০ পৃ. ; _c২২ সেমি. |
||
| 504 | _aবিবলিওগ্রাফি অন্তর্ভূক্ত। | ||
| 650 |
_aMass media. _zBangladesh. _9234868 |
||
| 650 |
_aPress _zBangladesh. _9234869 |
||
| 942 |
_2ddc _cBK |
||
| 999 |
_c76230 _d76230 |
||